00473nam a22001217a 4500003000400000082001900004100001700023245019000040260004500230300000800275650003400283653003400317SGT a617.6342bS22A aArya, Ashtha aStress distribution & clinical performance of endodontically treated mandibular molars restored with direct composite resinbAn In vitro FEA study with prospective clinical correlation  aGurugram, HaryanabSGT University c2023 a136 aCons. Dentistry & Endodontics aCons. Dentistry & Endodontics